[Event "Titled Tuesday intern op 02nd Apr Late"]
[Site "Chess.com INT"]
[Date "2024.04.02"]
[Round "5"]
[White "Munoz, Francisco Javier"]
[Black "Becerra, Juan David"]
[Result "1/2-1/2"]
[WhiteElo "2389"]
[BlackElo "2296"]
[PlyCount "88"]
[EventDate "2024.04.02"]
[EventType "swiss (blitz)"]
[EventRounds "11"]
[EventCountry "USA"]
[SourceTitle "CB15_2024"]
[SourceDate "2024.04.10"]
[SourceVersion "1"]
[SourceVersionDate "2024.04.10"]
[SourceQuality "1"]

1. e4 c5 2. Nc3 d6 3. Bb5+ Nc6 4. d4 cxd4 5. Qxd4 Bd7 6. Bxc6 Bxc6 7. b3 Nf6 8. Bb2 g6 9. 0-0-0 Bg7 10. Kb1 0-0 11. Qe3 Qa5 12. f3 b5 13. g4 b4 14. Nce2 Qc7 15. h4 Rfc8 16. Nd4 e5 17. Nxc6 Qxc6 18. Rh2 h5 19. gxh5 Nxh5 20. Rhd2 Nf4 21. Qf2 Rd8 22. Ne2 Bh6 23. Ng3 Nh3 24. Qh2 Bxd2 25. Rxd2 Nf4 26. h5 Kg7 27. Nf5+ gxf5 28. Qxf4 Rg8 29. Qxf5 Kf8 30. a3 a5 31. Qf6 Rc8 32. Ka2 a4 33. h6 axb3+ 34. cxb3 bxa3 35. Bxa3 Ra8 36. h7 Rxa3+ 37. Kxa3 Qc1+ 38. Ka4 Qc6+ 39. Ka5 Qc5+ 40. Ka6 Qc6+ 41. Ka5 Qc5+ 42. Ka4 Qc6+ 43. Kb4 Qc5+ 44. Ka4 Qc6+ 1/2-1/2

[Event "Titled Tuesday intern op 12th Mar Early"]
[Site "Chess.com INT"]
[Date "2024.03.12"]
[Round "4"]
[White "Becerra, Juan David"]
[Black "Palacio, Igor Da Paz"]
[Result "1-0"]
[WhiteElo "2309"]
[BlackElo "2172"]
[PlyCount "81"]
[EventDate "2024.03.12"]
[EventType "swiss (blitz)"]
[EventRounds "11"]
[EventCountry "USA"]
[SourceTitle "CB12_2024"]
[SourceDate "2023.10.01"]
[SourceVersion "1"]
[SourceVersionDate "2023.10.01"]
[SourceQuality "1"]

1. e4 Nf6 2. e5 Nd5 3. c4 Nb6 4. d4 d6 5. exd6 exd6 6. Nc3 Be7 7. Bd3 0-0 8. Nge2 Bg4 9. f3 Bh5 10. 0-0 Bg6 11. Bxg6 hxg6 12. d5 Nxc4 13. a4 a5 14. Qb3 Nb6 15. Be3 N8d7 16. Rac1 Re8 17. Nb5 Nc5 18. Bxc5 dxc5 19. Rfd1 Bd6 20. Nxd6 cxd6 21. Nc3 Rb8 22. Re1 Rxe1+ 23. Rxe1 Nd7 24. Qb5 Nf6 25. g4 b6 26. Kg2 Kf8 27. Kg3 Qd7 28. Qxd7 Nxd7 29. Nb5 Ne5 30. Nxd6 Nd3 31. Re2 Rd8 32. Nc4 Rxd5 33. Nxb6 Rd4 34. Rd2 f6 35. b3 Kf7 36. Nc4 Ke6 37. Nxa5 g5 38. Nc4 Kd5 39. a5 Kc6 40. a6 Nb4 41. a7 1-0

[Event "Titled Tuesday intern op 04th Jul Early"]
[Site "Chess.com INT"]
[Date "2023.07.04"]
[Round "4"]
[White "Becerra, Juan David"]
[Black "Bacrot, Etienne"]
[Result "0-1"]
[WhiteElo "2388"]
[BlackElo "2662"]
[PlyCount "190"]
[EventDate "2023.07.04"]
[EventType "swiss (blitz)"]
[EventRounds "11"]
[EventCountry "USA"]
[SourceTitle "EXT 2024"]
[Source "ChessBase"]
[SourceDate "2023.10.10"]
[SourceVersion "1"]
[SourceVersionDate "2023.10.10"]
[SourceQuality "1"]

1. e4 c5 2. c3 Nf6 3. e5 Nd5 4. d4 cxd4 5. cxd4 d6 6. f4 Nc6 7. Nc3 dxe5 8. fxe5 Bf5 9. a3 e6 10. Nf3 Be7 11. Bd3 Bxd3 12. Qxd3 0-0 13. 0-0 f5 14. exf6 Bxf6 15. Qe4 Qd6 16. Bd2 Rad8 17. Rae1 Nxc3 18. Bxc3 Rde8 19. Ne5 Bxe5 20. dxe5 Qc5+ 21. Kh1 Rxf1+ 22. Rxf1 Rf8 23. Rxf8+ Qxf8 24. Kg1 Qf5 25. Qe2 a6 26. a4 h6 27. a5 Kf7 28. h3 Qf4 29. Qh5+ Kf8 30. Qd1 Qf7 31. Kh2 Qc7 32. Qe1 Kg8 33. Qe4 Ne7 34. Qg4 Qc6 35. Bb4 Nf5 36. Qg6 Qd5 37. Bc3 Qd7 38. Bb4 Qf7 39. Qg4 Kh7 40. Qe4 Kg8 41. Bc5 Qd7 42. Bb4 Nd4 43. Bd6 Nc6 44. b4 Qe8 45. Qc4 Qd7 46. Qe4 Nd8 47. Qc4 Qc6 48. Qf4 Nf7 49. Qd4 Qd7 50. Qc5 Kh7 51. Qb6 Qc6 52. Qd4 Kg8 53. Qd2 Nh8 54. Qf4 Nf7 55. Qg4 Qd5 56. Qg6 Nxd6 57. exd6 Qxd6+ 58. Kh1 Qd1+ 59. Kh2 Qd6+ 60. Kh1 Qe7 61. Qe4 Kf7 62. Qe5 Qf6 63. Qc7+ Qe7 64. Qc4 Kg8 65. Kg1 Kh7 66. Kh2 Qf7 67. Kg1 Kg8 68. Qe4 Qd7 69. Kh1 Qd1+ 70. Kh2 Qd5 71. Qf4 e5 72. Qg4 e4 73. Qc8+ Kh7 74. Qc3 Qd6+ 75. Kg1 Qd1+ 76. Kf2 Qd5 77. Ke3 Qg5+ 78. Kf2 Qf4+ 79. Ke2 Qg5 80. Kf2 Qg6 81. Qd4 Qf5+ 82. Ke3 Qg5+ 83. Ke2 Qxg2+ 84. Ke3 Qf3+ 85. Kd2 Qd3+ 86. Qxd3 exd3 87. Kxd3 g5 88. Ke4 Kg6 89. Ke5 h5 90. Kd6 g4 91. hxg4 h4 92. Kc7 h3 93. Kxb7 h2 94. Kxa6 h1Q 95. b5 Qa8+ 0-1

[Event "Titled Tuesday intern op 20th Jun Early"]
[Site "Chess.com INT"]
[Date "2023.06.20"]
[Round "5"]
[White "Becerra, Juan David"]
[Black "Drozdowski, Kacper"]
[Result "0-1"]
[WhiteElo "2382"]
[BlackElo "2448"]
[PlyCount "44"]
[EventDate "2023.06.20"]
[EventType "swiss (blitz)"]
[EventRounds "11"]
[EventCountry "USA"]
[SourceTitle "EXT 2024"]
[Source "ChessBase"]
[SourceDate "2023.10.10"]
[SourceVersion "1"]
[SourceVersionDate "2023.10.10"]
[SourceQuality "1"]

1. e4 c5 2. d4 cxd4 3. c3 dxc3 4. Nxc3 Nc6 5. Nf3 e6 6. Bf4 a6 7. e5 Nge7 8. Bd3 Ng6 9. Bg3 Qa5 10. Qe2 Be7 11. 0-0 0-0 12. a3 f5 13. exf6 Rxf6 14. Ne4 Rf8 15. b4 Qd8 16. Nd6 Nf4 17. Qe4 Bxd6 18. Qxh7+ Kf7 19. Bxf4 Bxf4 20. Bg6+ Kf6 21. Bh5 Ne7 22. Qe4 g5 0-1

[Event "Titled Tuesday intern op 13th Jun Early"]
[Site "Chess.com INT"]
[Date "2023.06.13"]
[Round "11"]
[White "Becerra, Juan David"]
[Black "Gharibyan, Mamikon"]
[Result "0-1"]
[WhiteElo "2382"]
[BlackElo "2500"]
[PlyCount "36"]
[EventDate "2023.06.13"]
[EventType "swiss (blitz)"]
[EventRounds "11"]
[EventCountry "USA"]
[SourceTitle "EXT 2024"]
[Source "ChessBase"]
[SourceDate "2023.10.10"]
[SourceVersion "1"]
[SourceVersionDate "2023.10.10"]
[SourceQuality "1"]

1. e4 e6 2. d4 d5 3. Nd2 c5 4. exd5 Qxd5 5. Ngf3 cxd4 6. Bc4 Qd6 7. 0-0 Nc6 8. Nb3 Nf6 9. Nbxd4 Nxd4 10. Nxd4 a6 11. Be2 Qc7 12. Bf3 Bd6 13. h3 Bd7 14. Re1 0-0-0 15. c3 e5 16. Nb3 e4 17. Bxe4 Bg4 18. hxg4 Bh2+ 0-1

[Event "Titled Tuesday intern op 13th Jun Early"]
[Site "Chess.com INT"]
[Date "2023.06.13"]
[Round "4"]
[White "Kevlishvili, Robby"]
[Black "Becerra, Juan David"]
[Result "1-0"]
[WhiteElo "2539"]
[BlackElo "2382"]
[PlyCount "101"]
[EventDate "2023.06.13"]
[EventType "swiss (blitz)"]
[EventRounds "11"]
[EventCountry "USA"]
[SourceTitle "EXT 2024"]
[Source "ChessBase"]
[SourceDate "2023.10.10"]
[SourceVersion "1"]
[SourceVersionDate "2023.10.10"]
[SourceQuality "1"]

1. e4 e5 2. Nf3 Nc6 3. Bb5 f5 4. Nc3 fxe4 5. Nxe4 Nf6 6. Qe2 Be7 7. d4 exd4 8. Nxf6+ gxf6 9. Nh4 0-0 10. Bh6 Bb4+ 11. Kf1 Rf7 12. Qg4+ Kh8 13. Qh5 Qe8 14. Bc4 d5 15. Bxd5 Re7 16. Qxe8+ Rxe8 17. a3 Bf8 18. Bxf8 Rxf8 19. Nf3 Rd8 20. Be4 Ne5 21. Nxe5 fxe5 22. Ke2 c6 23. Kd3 Be6 24. Raf1 c5 25. f4 c4+ 26. Kd2 Bd5 27. Bxd5 Rxd5 28. fxe5 Rxe5 29. Rf4 Rd8 30. Rhf1 Re7 31. Rf8+ Rxf8 32. Rxf8+ Kg7 33. Rd8 Rf7 34. Rxd4 Rf2+ 35. Kc3 Rxg2 36. Rd7+ Kg6 37. Rxb7 Rxh2 38. Rxa7 h5 39. a4 h4 40. a5 h3 41. Ra8 Kg7 42. Re8 Rg2 43. Re1 h2 44. Rh1 Kf7 45. a6 Ke7 46. a7 Rg8 47. Rxh2 Kd6 48. Rh6+ Kc7 49. Ra6 Ra8 50. Kxc4 Kb7 51. Kb5 1-0

[Event "Titled Tuesday intern op 13th Jun Early"]
[Site "Chess.com INT"]
[Date "2023.06.13"]
[Round "9"]
[White "Sherman, Reem"]
[Black "Becerra, Juan David"]
[Result "1/2-1/2"]
[WhiteElo "2294"]
[BlackElo "2382"]
[PlyCount "180"]
[EventDate "2023.06.13"]
[EventType "swiss (blitz)"]
[EventRounds "11"]
[EventCountry "USA"]
[SourceTitle "EXT 2024"]
[Source "ChessBase"]
[SourceDate "2023.10.10"]
[SourceVersion "1"]
[SourceVersionDate "2023.10.10"]
[SourceQuality "1"]

1. Nf3 d5 2. d4 Nf6 3. Bf4 c5 4. e3 Nc6 5. Nbd2 Bg4 6. Be2 e6 7. 0-0 Be7 8. h3 Bh5 9. c3 0-0 10. Ne5 Bxe2 11. Qxe2 Rc8 12. g4 Nxe5 13. Bxe5 Nd7 14. Bg3 Qb6 15. Nf3 f5 16. Kg2 Bd6 17. Ne5 Bxe5 18. dxe5 c4 19. f4 Nc5 20. Rad1 Ne4 21. Bh4 Qc5 22. Kh2 b5 23. Rg1 Rc7 24. Rg2 a5 25. Rdg1 b4 26. gxf5 Rxf5 27. Bd8 Rd7 28. cxb4 axb4 29. Qg4 Qf8 30. Bb6 c3 31. bxc3 bxc3 32. Bd4 g6 33. Qd1 Kf7 34. Qa4 Qc8 35. Rc1 Rc7 36. Rgc2 g5 37. Rg2 h6 38. fxg5 Nxg5 39. Qb3 Nf3+ 40. Kh1 Rb7 41. Qxc3 Qxc3 42. Bxc3 Nxe5 43. Rgc2 Nc4 44. Bd4 Rb8 45. Rg1 Rg8 46. Rxg8 Kxg8 47. Rg2+ Kf8 48. Bg7+ Kf7 49. Bxh6 Rf1+ 50. Kh2 Ra1 51. Bf4 e5 52. Bg5 Ke6 53. h4 e4 54. Kg3 Ne5 55. h5 Rf1 56. Bf4 Nd3 57. h6 Rf3+ 58. Kh4 Nxf4 59. exf4 Rxf4+ 60. Kg5 Rf3 61. h7 Rh3 62. Kg6 e3 63. a4 d4 64. a5 d3 65. a6 e2 66. a7 e1Q 67. a8Q Rg3+ 68. Rxg3 Qxg3+ 69. Kh6 Qh4+ 70. Kg7 Qf6+ 71. Kg8 Qf7+ 72. Kh8 Kf6 73. Qf3+ Ke7 74. Qe4+ Kf8 75. Qb4+ Ke8 76. Qb8+ Ke7 77. Qb7+ Kf6 78. Qf3+ Kg6 79. Qxd3+ Kh6 80. Qh3+ Kg6 81. Qg4+ Kf6 82. Qg8 Ke6 83. Qg7 Ke7 84. Qe5+ Kf8 85. Qb8+ Ke7 86. Qc7+ Kf6 87. Qd6+ Kg5 88. Qd8+ Kg6 89. Qg8+ Kf6 90. Qxf7+ Kxf7 1/2-1/2